00482nam a2200193Ia 4500003000400000005001700004008004100021020000600062040000700068041000800075082002000083100003000103245004900133260004300182300001200225365001300237650001800250650002000268OSt20230401121935.0210423s2005 xx 000 0 und d a- cAL aeng a302.23 AHUB223 aAHUJA (B N);CHHABRA (S S) aCommunication: yesterday today and tomorrow aNew DelhibSurjeeth Publicationsc2005 a199bPB b160cINR aCommunication aSocial Sciences